| 000 | 01330cab a2200265 4500 | ||
|---|---|---|---|
| 001 | ABS54024 | ||
| 008 | 090401t1995 xxu||||| |||| 00| 0 eng d | ||
| 035 | _a(Sirsi) u7937 | ||
| 041 | _aeng | ||
| 245 | _a63 Perham Road Ltd v Manyfield Ltd | ||
| 260 | _c1995 | ||
| 350 | _a0 | ||
| 490 |
_aEstates Gazette _v[1995] 43 EG 135-139(5) |
||
| 520 | _aLVT 11 April 1995. A dispute over the valuation of the freehold interest in four flats. The tenants had stated an intention to acquire the freehold interest under the Leasehold Reform Housing and Urban Development Act 1993 s24. They applied to the tribunal to determine the price to be paid for the freehold. The price was determined at £4,225; a capitalisation rate of 13% was adopted. Any value of the insurance commission would be refelected in the auction price of the freehold ground rents and was not valued separately. The price included a share of the marriage value. | ||
| 650 | _a63 PERHAM ROAD LTD V MANYFIELD LTD | ||
| 650 | _aDETERMINATION OF PRICE | ||
| 650 | _aFREEHOLD ACQUISITION | ||
| 650 | _aLEASEHOLD ENFRANCHISEMENT | ||
| 650 | _aLEASEHOLD REFORM, HOUSING AND URBAN DEVELOPMENT ACT 1993 | ||
| 650 | _aMARRIAGE VALUE | ||
| 650 | _aVALUATION ISSUES | ||
| 690 | _aLANDLORD AND TENANT-CASE LAW-LEASEHOLD REFORM | ||
| 942 | _n0 | ||
| 948 | _c04/03/1997 | ||
| 999 |
_c4832 _d4832 |
||